Państwa z miastami duchów. - Statystyki

Ogólne statystyki
  • Ten quiz został rozwiązany 239 razy
  • Średni wynik to 4 z 10
Statystyki odpowiedzi
Hint Odpowiedź % Poprawnych
2 USA
95%
2 Chiny
87%
1 Rosja
87%
2 Japonia
74%
1 Wielka Brytania
46%
1 Łotwa
10%
1 Tajwan
10%
1 Etiopia
7%
1 Cypr
6%
1 Namibia
5%
Nie znaleziono quizów pasujących do podanych kryteriów
Rozkład punktacji
Procent ludzi z każdym wynikiem
Percentyl według liczby udzielonych odpowiedzi
Twoja historia wyników
Nie rozwiązałeś tego quizu